000 01261cab a22002175a 4500
001 L152810
008 110504e20110415xxk 000 0 eng d
035 _a(Sirsi) u152810
041 0 _aeng
100 1 _aUnger, Paul
245 0 0 _aMarkets
_bCheshire and north Wales
260 _c201
490 0 _aProperty Week
_v77(15), 15 April 2011, 59-62(4)
520 _aMarketing Cheshire, the Cheshire and Warrington inward investment agency, values the area's visitor economy at £1.78bn. Macclesfield may become site for major residential development on green belt land. Rhyl's economic fortunes are to be revived by funding from the Welsh Assembly and the EU's Regional Development Fund. The £200m Barons Quay retail and leisure scheme proposed for Northwich town centre abandoned in 2005. is to be redrawn. Conygar Investment Company and Stena Line await the go-ahead for a new marina in Holyhead. Landlords undertaking refurbishment projects aim to take advantage of the dearth of Chester city centre office space.
590 _aKA
651 4 _aCheshire
651 4 _aNorth Wales
690 _aPROPERTY-COMMERCIAL PROPERTY-COMMERCIAL PROPERTY MARKET
690 _aPROPERTY-COMMERCIAL PROPERTY-COMMERCIAL PROPERTY FINANCE AND INVESTMENT
942 _n0
999 _c83104
_d83104